[Event "AM-2004-0-00012"]
[Site "Chessfriend.com"]
[Date "2004.06.25"]
[Round "1"]
[White "Schulze, Michael"]
[Black "Pasierb, Siegmund"]
[Result "1/2-1/2"]
[WhiteElo "2315"]
[BlackElo "2302"]
[PlyCount "38"]
[EventDate "2004.??.??"]
[EventType "swiss (corr)"]
[EventRounds "1"]
[SourceTitle "Corr 2024"]
[Source "ChessBase"]
[SourceDate "2023.10.19"]
[SourceVersion "1"]
[SourceVersionDate "2023.10.19"]
[SourceQuality "1"]

1. e4 c5 2. Nf3 Nc6 3. d4 cxd4 4. Nxd4 Nf6 5. Nc3 e5 6. Ndb5 d6 7. Bg5 a6 8. Na3 b5 9. Bxf6 gxf6 10. Nd5 f5 11. Bd3 Be6 12. 0-0 Bxd5 13. exd5 Ne7 14. c3 Bg7 15. Qh5 e4 16. Bc2 0-0 17. Rae1 Qc8 18. Kh1 Rb8 19. f3 b4 1/2-1/2

[Event "CFriend AM-2004-0-00012 email"]
[Site "Chessfriend.com"]
[Date "2004.06.25"]
[Round "?"]
[White "Tritt, Maciej"]
[Black "Schulze, Michael"]
[Result "0-1"]
[WhiteElo "2223"]
[BlackElo "2344"]
[PlyCount "60"]
[EventDate "2004.??.??"]
[EventType "tourn (corr)"]
[EventRounds "12"]
[SourceTitle "Corr 2008"]
[Source "ChessBase"]
[SourceDate "2008.06.24"]
[SourceVersion "1"]
[SourceVersionDate "2008.06.24"]
[SourceQuality "1"]

1. d4 Nf6 2. c4 e6 3. Nc3 Bb4 4. Qc2 0-0 5. a3 Bxc3+ 6. Qxc3 b6 7. Bg5 Bb7 8. e3 d6 9. Ne2 Nbd7 10. Qd3 h6 11. Bh4 Re8 12. Nc3 c5 13. Be2 Bxg2 14. Rg1 Bc6 15. 0-0-0 d5 16. cxd5 exd5 17. Qf5 cxd4 18. Rxd4 Re6 19. Bd3 Qc7 20. Bg3 Qb7 21. Bf4 Kf8 22. Bc2 b5 23. Qh3 Ne8 24. Bf5 Rf6 25. Kb1 a5 26. e4 Nc5 27. Nxd5 Bxd5 28. exd5 b4 29. a4 Nxa4 30. Be5 Nc3+ 0-1

[Event "IECG CM.2004.0.00237 email"]
[Site "IECG email"]
[Date "2004.01.02"]
[Round "?"]
[White "Schulze, Michael"]
[Black "Bendig, Frank"]
[Result "1-0"]
[WhiteElo "2412"]
[BlackElo "2441"]
[PlyCount "113"]
[EventDate "2004.01.02"]
[EventType "tourn (corr)"]
[EventRounds "6"]
[SourceTitle "Corr 2008"]
[Source "ChessBase"]
[SourceDate "2008.06.24"]
[SourceVersion "1"]
[SourceVersionDate "2008.06.24"]
[SourceQuality "1"]

1. e4 Nf6 2. e5 Nd5 3. d4 d6 4. Nf3 Nc6 5. c4 Nb6 6. e6 fxe6 7. Nc3 g6 8. h4 Bg7 9. Be3 0-0 10. h5 e5 11. d5 Nd4 12. Nxd4 exd4 13. Bxd4 Bxd4 14. Qxd4 e5 15. Qe3 g5 16. h6 Rf4 17. c5 dxc5 18. g3 Rf7 19. Rh5 g4 20. Rg5+ Kf8 21. Be2 Bf5 22. Bxg4 Bxg4 23. Rxg4 Nxd5 24. Qxc5+ Ne7 25. Qxe5 Ng6 26. Qe3 Ne5 27. Rg7 Qd4 28. Qxd4 Nf3+ 29. Kf1 Nxd4 30. Rd1 Rd8 31. Nb5 c5 32. b4 a6 33. Nc7 Rc8 34. Rxf7+ Kxf7 35. bxc5 Rxc7 36. Rxd4 Rxc5 37. Rg4 Kf6 38. Rg7 b5 39. Rxh7 Kg6 40. Ra7 Kxh6 41. Rxa6+ Kg5 42. Rb6 Kf5 43. Kg2 Rd5 44. f3 Rd2+ 45. Kh3 Rxa2 46. g4+ Kf4 47. Rxb5 Kxf3 48. Rf5+ Ke4 49. Rf1 Ke5 50. Kh4 Rg2 51. Kh5 Rh2+ 52. Kg6 Rd2 53. g5 Rg2 54. Kh6 Ke6 55. g6 Rh2+ 56. Kg7 Rg2 57. Re1+ 1-0

[Event "IECG CP.2000.F.00002 email"]
[Site "IECG email"]
[Date "2003.10.01"]
[Round "?"]
[White "Ibar, Marcelo Rodolfo"]
[Black "Schulze, Michael"]
[Result "1-0"]
[WhiteElo "2241"]
[BlackElo "2421"]
[PlyCount "155"]
[EventDate "2003.10.01"]
[EventType "tourn (corr)"]
[EventRounds "8"]
[SourceTitle "Corr 2008"]
[Source "ChessBase"]
[SourceDate "2008.06.24"]
[SourceVersion "1"]
[SourceVersionDate "2008.06.24"]
[SourceQuality "1"]

1. e4 e5 2. Nf3 Nc6 3. Bb5 a6 4. Ba4 Nf6 5. 0-0 Be7 6. Re1 b5 7. Bb3 0-0 8. c3 d6 9. h3 Bb7 10. d4 Re8 11. Nbd2 Bf8 12. a4 h6 13. Bc2 exd4 14. cxd4 Nb4 15. Bb1 c5 16. d5 Nd7 17. Ra3 f5 18. Nh2 Qe7 19. g4 fxe4 20. Bxe4 Qf7 21. g5 Ne5 22. Rg3 Kh8 23. Ng4 Bxd5 24. gxh6 gxh6 25. Bxd5 Nxd5 26. Ne4 Nxg4 27. hxg4 bxa4 28. Rf3 Qg8 29. Rh3 Qe6 30. Bd2 Bg7 31. Ng3 Qg6 32. Rxe8+ Rxe8 33. Bxh6 Bxh6 34. Nf5 Re1+ 35. Qxe1 Qxg4+ 36. Kh2 Qxf5 37. Rxh6+ Kg7 38. Rh4 Qc2 39. Qg1+ Kf7 40. Qg3 Nf6 41. Kg2 d5 42. Qc7+ Ke6 43. Qb6+ Ke5 44. Qb8+ Ke6 45. Qb7 c4 46. Qxa6+ Ke5 47. Qb6 Qg6+ 48. Kh1 Qd3 49. Kh2 Qf3 50. Qd4+ Ke6 51. Rf4 Qh5+ 52. Kg1 Qe5 53. Qb6+ Kf7 54. Qb7+ Kg6 55. Rf3 Qe1+ 56. Kg2 Qe6 57. Rg3+ Kh5 58. Qg7 Qe4+ 59. Rf3 Nh7 60. Qf7+ Kg4 61. Qd7+ Kg5 62. Qh3 Kg6 63. Kg1 d4 64. Rg3+ Ng5 65. Qc8 Qe1+ 66. Kg2 Qe4+ 67. Kh2 Qf4 68. Qc6+ Kh5 69. Kg1 d3 70. Qxa4 Nf3+ 71. Kh1 Ng5 72. Qe8+ Kh6 73. Kg1 Qc1+ 74. Kg2 Qf4 75. Qc6+ Kh5 76. Qd5 Qe4+ 77. Qxe4 Nxe4 78. Rg8 1-0

[Event "IECG CP.2000.F.00002 email"]
[Site "IECG email"]
[Date "2003.10.01"]
[Round "?"]
[White "Schulze, Michael"]
[Black "Isaacson, David"]
[Result "1/2-1/2"]
[WhiteElo "2421"]
[BlackElo "2118"]
[PlyCount "69"]
[EventDate "2003.10.01"]
[EventType "tourn (corr)"]
[EventRounds "8"]
[SourceTitle "Corr 2008"]
[Source "ChessBase"]
[SourceDate "2008.06.24"]
[SourceVersion "1"]
[SourceVersionDate "2008.06.24"]
[SourceQuality "1"]

1. e4 c5 2. Nf3 d6 3. d4 cxd4 4. Nxd4 Nf6 5. Nc3 a6 6. f3 e6 7. Be3 b5 8. g4 h6 9. Qd2 b4 10. Na4 d5 11. e5 Nfd7 12. f4 Bb7 13. Bd3 Qa5 14. b3 Nc6 15. 0-0 Nxd4 16. Bxd4 Bc6 17. a3 Bxa4 18. axb4 Bxb4 19. Qe3 Nc5 20. f5 0-0 21. f6 Bd2 22. Qf2 Nxd3 23. cxd3 Qb4 24. fxg7 Kxg7 25. bxa4 Bg5 26. Rab1 Qd2 27. h4 Qxf2+ 28. Bxf2 Bd2 29. Bc5 Rfb8 30. Kf2 Bc3 31. d4 Ba5 32. Ke3 Bd8 33. h5 Rxb1 34. Rxb1 a5 35. Rb7 1/2-1/2